00552nam a2200169Ia 4500008004100000020001800041050001700059100002400076245005800100260002900158300001700187519000900204650002900213942001200242952011100254999001700365120626s9999 xx 000 0 und d a950-9575-76-3 aN87 W68 1997 aCopplestone, Trewin aLa vida y obras de Andy Warhol c/ Trewin Copplestone aItaliab: El selloc1997 a78 páginas a d  aWARHOL, ANDYy1928-1987  cLB2lcc 00102lcc4070a11b11d2015-08-17l5oN87 W68 1997p11 012375r2019-02-26s2019-02-26t1w2015-08-17yLB c68132d68132